| 000 | 01046nam a2200217Ia 4500 | ||
|---|---|---|---|
| 003 | OSt | ||
| 005 | 20251208091005.0 | ||
| 007 | ca aa aaaaa | ||
| 008 | 201103s9999 xx 000 0 und d | ||
| 040 | _cSSBUL | ||
| 041 | _abur | ||
| 082 |
_223 _a၂၉၄.၃၀၉၅၄ _bS-SAT |
||
| 100 | 0 |
_aဂမ္ဘီရဗုဒ္ဓိ အရှင်၊ ဗာရာဏသီ- _954916 |
|
| 245 | 1 | 0 |
_aဗုဒ္ဓဋ္ဌာနလမ်းညွှန်မြေပုံများ / _cဗာရာဏသီ အရှင်ဂမ္ဘီရဗုဒ္ဓိ။ |
| 260 |
_aရန်ကုန် ၊ _bဇွန်ပန်းခိုင်စာပေ၊ _c[ခုနှစ်မပါ]။ |
||
| 300 |
_a၁၂၈ စာမျက်နှာ ၊ _bဓါတ်ပုံများ၊ မြေပုံ ၊ _c၂၄ စင်တီ။ |
||
| 500 | _aS-SAT: Dr. Sai Aung Tun | ||
| 650 |
_aဗုဒ္ဓဂယာ _xလမ်းညွှန် _954917 |
||
| 650 |
_aဗုဒ္ဓဂယာ _xမြေပုံ _954918 |
||
| 942 |
_2ddc _cBK1 |
||
| 999 |
_c16800 _d16800 |
||